000
00340 a2200169 4500
001
179641
020
_a
040
_c
Magnum
100
_a
Mazzetti, Maria
240
1
0
_a
Superurgente
_l
por
245
1
0
_a
Superurgente
300
_a
16
362
0
_a
1988
440
1
_a
Ao Livro Técnico
697
_a
LITERATURA INFANTO
942
_c
BK
999
_c
179641
_d
179641